[Event "URU-chT"]
[Site "Paysandu"]
[Date "2012.08.04"]
[Round "2.3"]
[White "Techera, Jose"]
[Black "Guelvenzu, Esteban"]
[Result "0-1"]
[WhiteElo "1631"]
[BlackElo "1774"]
[PlyCount "64"]
[EventDate "2012.08.03"]
[EventType "team-swiss"]
[EventRounds "5"]
[EventCountry "URU"]
[SourceTitle "CBM 149 Extra"]
[Source "ChessBase"]
[SourceDate "2012.08.24"]
[SourceVersion "1"]
[SourceVersionDate "2012.08.24"]
[SourceQuality "1"]

1. e4 c5 2. Nf3 d6 3. Bc4 Nf6 4. Nc3 Nc6 5. d3 g6 6. 0-0 Bg7 7. h3 0-0 8. a3 a6 9. Ne2 b5 10. Ba2 Bb7 11. c3 Kh8 12. Bf4 Nh5 13. Ng5 e6 14. Bxe6 Nxf4 15. Nxf4 Qxg5 16. g3 fxe6 17. Nxe6 Qf6 18. Nxf8 Rxf8 19. f4 Qe6 20. Kh2 Bc8 21. g4 h5 22. f5 Qe5+ 23. Kg2 hxg4 24. hxg4 gxf5 25. Rh1+ Kg8 26. Rh5 Qf4 27. exf5 Ne5 28. Kh3 Qe3+ 29. Kh2 Nxd3 30. Rh3 Be5+ 31. Kg2 Bb7+ 32. Rf3 Nf4+ 0-1

[Event "Latin Cup"]
[Site "Montevideo"]
[Date "2011.11.04"]
[Round "6"]
[White "Guelvenzu, Esteban"]
[Black "Bengochea, Ricardo"]
[Result "1-0"]
[WhiteElo "1861"]
[BlackElo "1504"]
[PlyCount "90"]
[EventDate "2011.11.01"]
[EventType "swiss"]
[EventRounds "9"]
[EventCountry "URU"]
[SourceTitle "EXT 2012"]
[Source "ChessBase"]
[SourceDate "2011.11.24"]
[SourceVersion "1"]
[SourceVersionDate "2011.11.24"]
[SourceQuality "1"]

1. e4 e5 2. Nf3 Nc6 3. g3 Nf6 4. d3 Be7 5. Bg2 d6 6. 0-0 0-0 7. Bg5 Ne8 8. Be3 d5 9. exd5 Qxd5 10. Nc3 Qd8 11. Re1 Nd4 12. Nxd4 exd4 13. Bxd4 Bf6 14. Bxf6 Nxf6 15. Ne4 Nxe4 16. Rxe4 c6 17. Qh5 Qf6 18. c3 Bf5 19. Rf4 Bg6 20. Qg4 Qd6 21. Rd4 Qe6 22. Qxe6 fxe6 23. Re1 Rfe8 24. Rd7 Rab8 25. d4 Red8 26. Rxd8+ Rxd8 27. Rxe6 Bf7 28. Re7 Rb8 29. a3 Kf8 30. Rc7 a5 31. Bh3 Bd5 32. Rc8+ Rxc8 33. Bxc8 b6 34. Bf5 g6 35. Bc2 Kf7 36. f4 Be6 37. Be4 Bd7 38. Kf2 h5 39. d5 c5 40. c4 Kf6 41. Ke3 g5 42. fxg5+ Kxg5 43. Bf3 Bh3 44. Ke4 Bf5+ 45. Ke5 Bd3 1-0

[Event "Latin Cup"]
[Site "Montevideo"]
[Date "2011.11.03"]
[Round "3"]
[White "Idiarte Borda, Jorge"]
[Black "Guelvenzu, Esteban"]
[Result "0-1"]
[WhiteElo "2097"]
[BlackElo "1861"]
[PlyCount "120"]
[EventDate "2011.11.01"]
[EventType "swiss"]
[EventRounds "9"]
[EventCountry "URU"]
[SourceTitle "EXT 2012"]
[Source "ChessBase"]
[SourceDate "2011.11.24"]
[SourceVersion "1"]
[SourceVersionDate "2011.11.24"]
[SourceQuality "1"]

1. e4 c5 2. Nf3 d6 3. d3 Nc6 4. g3 g6 5. Bg2 Bg7 6. c3 e6 7. Be3 Nge7 8. 0-0 0-0 9. Nbd2 b5 10. Re1 Rb8 11. Nf1 b4 12. Qd2 Qa5 13. d4 bxc3 14. bxc3 cxd4 15. cxd4 Qxd2 16. N1xd2 Ba6 17. Bf1 Bxf1 18. Kxf1 d5 19. Rab1 Rfd8 20. exd5 Nxd5 21. Rxb8 Rxb8 22. Rb1 Rxb1+ 23. Nxb1 h6 24. a3 g5 25. Ke2 g4 26. Ne5 Nxe5 27. dxe5 Nxe3 28. Kxe3 Bxe5 29. Nd2 f5 30. Nc4 Bc7 31. Kd4 Kf7 32. Kc5 Kf6 33. Kc6 Bd8 34. a4 e5 35. a5 e4 36. a6 h5 37. Kb7 Be7 38. Kc6 Bb4 39. Ne3 Be1 40. Nd1 Ba5 41. Ne3 Kg5 42. Kb7 Bb6 43. Kc6 h4 44. Kd5 h3 45. Ke5 Bc7+ 46. Ke6 Bb6 47. Ke5 Kg6 48. Nd1 Bc7+ 49. Kd4 Kg5 50. Ke3 Bb6+ 51. Ke2 f4 52. Nc3 f3+ 53. Kf1 e3 54. fxe3 Bxe3 55. Ne4+ Kf5 56. Nd6+ Ke5 57. Nc4+ Kd4 58. Nd6 Kc5 59. Nf5 Bg5 60. Kf2 Kb6 0-1

[Event "Latin Cup"]
[Site "Montevideo"]
[Date "2011.11.03"]
[Round "4"]
[White "Sanchez Britos, Ezequiel"]
[Black "Guelvenzu, Esteban"]
[Result "0-1"]
[WhiteElo "1682"]
[BlackElo "1861"]
[PlyCount "50"]
[EventDate "2011.11.01"]
[EventType "swiss"]
[EventRounds "9"]
[EventCountry "URU"]
[SourceTitle "EXT 2012"]
[Source "ChessBase"]
[SourceDate "2011.11.24"]
[SourceVersion "1"]
[SourceVersionDate "2011.11.24"]
[SourceQuality "1"]

1. d4 d6 2. e4 Nf6 3. e5 dxe5 4. dxe5 Qxd1+ 5. Kxd1 Ne4 6. f3 Nf2+ 7. Ke2 Nxh1 8. Bf4 Bf5 9. Na3 e6 10. g4 Bxa3 11. bxa3 Bxc2 12. Bg2 Nc6 13. Bxh1 Rd8 14. Rc1 Ba4 15. Nh3 h6 16. Bg2 Ke7 17. Ke1 Rd5 18. Nf2 Rhd8 19. Rd1 Rxd1+ 20. Nxd1 Rxd1+ 21. Ke2 Nd4+ 22. Ke3 c5 23. Ke4 c4 24. g5 Ne2 25. Be3 Bc6# 0-1

[Event "Latin Cup"]
[Site "Montevideo"]
[Date "2011.11.01"]
[Round "1"]
[White "Guelvenzu, Esteban"]
[Black "Arcos Facio, Mateo"]
[Result "0-1"]
[WhiteElo "1861"]
[BlackElo "2148"]
[PlyCount "66"]
[EventDate "2011.11.01"]
[EventType "swiss"]
[EventRounds "9"]
[EventCountry "URU"]
[SourceTitle "EXT 2012"]
[Source "ChessBase"]
[SourceDate "2011.11.24"]
[SourceVersion "1"]
[SourceVersionDate "2011.11.24"]
[SourceQuality "1"]

1. e4 g6 2. d4 Bg7 3. Be3 d6 4. Nf3 Nd7 5. Bc4 e6 6. Nc3 a6 7. a4 b6 8. Qd2 Bb7 9. Bd3 h6 10. b4 Ne7 11. 0-0 Kf8 12. Rab1 Kg8 13. Ne2 Nf6 14. Ng3 d5 15. e5 Ne4 16. Bxe4 dxe4 17. Ne1 Nf5 18. f3 exf3 19. Nxf3 Kh7 20. Nxf5 exf5 21. c4 Re8 22. Rb3 Qd7 23. a5 b5 24. Rc3 bxc4 25. Rxc4 Bd5 26. Rc2 Rab8 27. Rfc1 c6 28. Qd3 Qa7 29. Bd2 Be4 30. Ng5+ hxg5 31. Qh3+ Kg8 32. Rc5 Qd7 33. Be3 Rxb4 0-1

[Event "IECC CL5-2002.03"]
[Site "IECC email"]
[Date "2002.02.20"]
[Round "?"]
[White "Soldini, Paolo"]
[Black "Guelvenzu, Esteban"]
[Result "1-0"]
[WhiteElo "1488"]
[BlackElo "1400"]
[PlyCount "25"]
[EventDate "2002.??.??"]
[EventType "tourn (corr)"]
[EventRounds "4"]
[SourceTitle "Corr 2008"]
[Source "ChessBase"]
[SourceDate "2008.06.24"]
[SourceVersion "1"]
[SourceVersionDate "2008.06.24"]
[SourceQuality "1"]

1. e4 c5 2. Nf3 d6 3. d4 cxd4 4. Nxd4 Nf6 5. Nc3 g6 6. Be3 Bg7 7. Be2 Nc6 8. 0-0 0-0 9. Nxc6 bxc6 10. Qd2 Qa5 11. f3 Be6 12. Nd5 Qxd2 13. Nxe7+ 1-0